Paroles - A Thousand Miles - Vanessa Carlton - Statistiques

Statistiques générales
  • Ce quiz a été pris 16 fois
  • Le résultat moyen est 183 sur 267
Statistiques - réponses
Réponse % Correct
a
100%
I
100%
I,
100%
you
100%
you,
100%
me
92%
and
83%
And
83%
in
83%
miles
83%
the
83%
thousand
83%
by?
75%
Do
75%
If
75%
if
75%
into
75%
now
75%
see
75%
sky
75%
time
75%
tonight
75%
Tonight
75%
walk
75%
'Cause
67%
'cause
67%
could
67%
just
67%
know
67%
pass
67%
think
67%
way
67%
wonder
67%
don't
58%
downtown
58%
fall
58%
Makin'
58%
makin'
58%
my
58%
need
58%
when
58%
fast,
50%
hold
50%
I'd
50%
I'm
50%
miss
50%
us
50%
Walkin'
50%
your
50%
ever
42%
go
42%
of
42%
so
42%
through
42%
would
42%
faces
33%
It's
33%
memory
33%
Oh,
33%
still
33%
these
33%
this
33%
always
25%
belong
25%
crowd
25%
I'll
25%
let
25%
like
25%
precious
25%
Starin'
25%
wanna
25%
ahead
17%
blankly
17%
drown
17%
homebound
17%
oh-oh
17%
times
17%
wrong,
17%
everything's
8%
Livin'
8%
Aucun quiz correspondant
Distribution des résultats
% des personnes avec chaque résultat
Percentile par nombre de réponses
Votre historique - résultats
Vous n’avez pas pris ce quiz